000 00490nam a2200181Ia 4500
001 9197
005 20260306160705.0
008 260306t2006||||xx |||||||||||||| ||spa||
041 _aESP
082 _a375.001
_bM61 2006
100 _aMinisterio de Educación
_eAUT
245 0 _aDiseño curricular nacional de educación básica regular:
_bproceso de articulación
260 _c2006
300 _a224 páginas :
_c27 cm.
650 _aGEN
654 _aCED
942 _cLIB
_dJUS
_fJUS
_2ddc
_n
999 _c9197
_d9197